Encyclopaedic history of Medieval India : (Record no. 10565)

MARC details
000 -LEADER
fixed length control field 00621cam a2200217ua 4500
001 - CONTROL NUMBER
control field 11782
005 - DATE AND TIME OF LATEST TRANSACTION
control field 20260515114811.0
008 - FIXED-LENGTH DATA ELEMENTS--GENERAL INFORMATION
fixed length control field 191105n ii |||gr||||Z||||||eng
020 ## - INTERNATIONAL STANDARD BOOK NUMBER
International Standard Book Number 9788131104071
040 ## - CATALOGING SOURCE
Transcribing agency MAIN
082 ## - DEWEY DECIMAL CLASSIFICATION NUMBER
Classification number 954.03
100 ## - MAIN ENTRY--PERSONAL NAME
Personal name S.Ram .,
Relator term Author.
245 ## - TITLE STATEMENT
Title Encyclopaedic history of Medieval India :
Remainder of title history and culture of sultanate period /
Statement of responsibility, etc. By S.Ram .
250 ## - EDITION STATEMENT
Edition statement 1st ed /
Remainder of edition statement Vol.4.
260 ## - PUBLICATION, DISTRIBUTION, ETC.
Place of publication, distribution, etc. New Delhi:
Name of publisher, distributor, etc. Commonwealth,
Date of publication, distribution, etc. 2012.
300 ## - PHYSICAL DESCRIPTION
Extent 323p.
653 ## - INDEX TERM--UNCONTROLLED
Uncontrolled term South Asia India
653 ## - INDEX TERM--UNCONTROLLED
Uncontrolled term Encyclopaedia of Indian History
700 ## - ADDED ENTRY--PERSONAL NAME
Personal name Shiv Gajrani,
Relator term Author.
942 ## - ADDED ENTRY ELEMENTS (KOHA)
Koha item type Books
Holdings
Withdrawn status Lost status Damaged status Not for loan Home library Current library Shelving location Date acquired Total checkouts Full call number Barcode Date last seen Copy number Price effective from Koha item type
        Naharkatiya College Library Naharkatiya College Library General stacks 09/19/2020   954.03History | GAJ 27040 09/19/2020 1 09/19/2020 Books